000
00279nam a22001337a 4500
008
180123b xxu||||| |||| 00| 0 eng d
020
_a
9780679017271
041
_a
eng
080
_a
91
100
_a
42
101
_a
GJEO
245
_a
Fodor's 90
_c
Hugh,K.M
942
_2
udc
_c
BK
999
_c
40724
_d
40724